000 00262nam a22001097a 4500
008 240531b |||||||| |||| 00| 0 eng d
100 _aTharwani, Aryan
_915021
245 _aAnand Marg
260 _aBombay
_bAkhlabi Mala Pub.
_c1967
300 _a69p.
942 _cBK
999 _c39316
_d39316